| 000 | 00335 a2200109 4500 | ||
|---|---|---|---|
| 082 | _a338.8532 MET | ||
| 100 | _aMetschies, Dr Gerhnard P. | ||
| 245 |
_aInternational Fuel Prices 2005 _cDr, Gerhard P. Metschies |
||
| 250 | _a4th ed | ||
| 260 |
_aEschborn : _bDeutsche Gesellschaft fur, _c2005 |
||
| 300 |
_a111p. : _bill. ; _c30 cm |
||
| 650 | _aInternational Fuel Prices | ||
| 999 |
_c2115 _d2115 |
||